000
00344nam a2200145Ia 4500
008
150201s2005 xx 000 0 und d
082
_a
611
_b
A2005J
100
_a
JAIN A.K.
245
_a
ANATOMY & PHYSIOLOGY FOR NURSES
250
_a
1ST
260
_b
ARYA PUBLICATION
_a
DELHI
_c
2005
300
_a
1-319
650
_a
ANATOMY
942
_2
ddc
_c
BK
999
_c
4061
_d
4061